| 000 | 00706nam a22002657a 4500 | ||
|---|---|---|---|
| 003 | UA-OsUOA | ||
| 001 | 96090 | ||
| 007 | ta | ||
| 008 | 20130314b un ||||| |||| 00| 0 ukr d | ||
| 100 | _aРибачук М. Ф. | ||
| 700 | _aУткні О. І. | ||
| 700 | _aКирюшко М. І. | ||
| 090 |
_a323.1(477) _bР49 |
||
| 942 | _cBK | ||
| 040 |
_aUA-OsUOA _bukr _cUA-OsUOA _dUA-OsUOA |
||
| 245 | _aНаціональне відродження і релігія | ||
| 300 | _a208 с. | ||
| 955 | _a2 | ||
| 041 | _aukr | ||
| 080 | _a323.1(477) | ||
| 020 | _a5-7707-8569-Х | ||
| 260 |
_aК. _bАсоціація "Україно" _c1995 |
||
| 650 | 7 |
_a32 Політика _2UDC |
|
| 999 |
_c382336 _d382336 |
||